| 000 | 02540nam a2200301 i 4500 | ||
|---|---|---|---|
| 003 | DO-SdBNP | ||
| 005 | 20250407110542.0 | ||
| 007 | ta | ||
| 008 | 250407b2024 dr a|||| |||| 00| 0 spa d | ||
| 020 | _a9789993450184 | ||
| 040 |
_aDO-SdBNP _bspa _cBNPHU _erda |
||
| 041 | _aspa | ||
| 082 | 4 |
_axxx _bB142de _222 |
|
| 100 | 1 |
_aBaéz Evertsz, Carlos Julio _eautor _4aut. _946288 |
|
| 245 | 1 | 0 |
_aDesigualdad y clases sociales : _bde la sociedad industrial al poscapitalismo / _cCarlos Julio Báez Evertsz ; prólogo, Josefina Zaiter. |
| 250 | _aPrimera edición | ||
| 264 |
_aSanto Domingo, República Dominicana : _bFLACSO República Dominicana, _c2024. |
||
| 300 |
_a744 páginas : _bilustraciones ; _c24 cm. |
||
| 336 |
_atexto _btxt _2rdacontent |
||
| 337 |
_asin mediación _bn _2rdamedia |
||
| 338 |
_avolumen _bnc _2rdacarrier |
||
| 504 | _aBibliografías: páginas 731-744 | ||
| 505 | _aÍndice de tablas y figuras 8 -- Prólogo 11 -- Prefacio 17 -- Agradecimientos 21 -- Introducción 25 -- La desigualdad social hoy 29 -- Teorías sociológicas y económicas sobre la desigualdad actual 49 -- Max Weber: Clase, estamentos, partidos 93 -- El funcionalismo 113 -- La teoría de la estratificación social de parsons 141 -- Estratificación y desigualdad social: La teoría de Davis y Moore 159 -- Indicadores funcionalistas de clase social 191 -- La teoría ''Superadora'' de Dahrendorf 215 -- La teoría sintética de Lenski 233 -- Convergencia en la concepción de la estructura de clases: Ossowski 243 -- La teoría de las clases sociales de Marx 271 -- Teorías Neomarxistas sobre las clases sociales: G. Carchedi 299 -- Teorías Neomarxistas sobre las clases sociales: Poulantzas 343 -- Críticas a las teorías Neomarxistas sobre la nueva pequeña burguesía y la clase obrera 371 -- Teorías Neomarxistas sobre las clases sociales: Wright 397 -- Teorías y análisis de clases Neoweberianos: Goldthorpe 423 -- Teorías y análisis de clases Neoweberianos: Giddens 441 --Teorías y análisis de clases Neoweberianos: Parkin 465 -- Los estudios culturales y la clase social: E. P. Thompson, Stuart Hall y Terry Eagleton 485 -- Culturalismo y análisis de clase: Bourdieu 539 -- El fin de las clases 579 -- Posmarxismo y clases sociales: Laclau y Mouffe 611 -- Posmarxismo y clases sociales: Hardt y Negri 651 -- Conclusiones: Las clases en el siglo XXI 689 -- Referencias bibliográficas 731 | ||
| 590 | _aInventariado, 2025 /LP | ||
| 700 | 1 |
_aZaiter, Josefina, _eprologuista _4pr. _987368 |
|
| 910 | _aLP | ||
| 942 |
_2ddc _cLBS1 |
||
| 999 |
_c58635 _d58635 |
||